| 000 | 00577nam a22001577a 4500 | ||
|---|---|---|---|
| 999 |
_c535634 _d535634 |
||
| 020 | _qHard Cover. | ||
| 082 | _a624.1 | ||
| 100 | _aKhan, Naveed Ahmed | ||
| 245 |
_aExploring the challenges faced by construction industry in implementation of partnering in Pakistan / _c Naveed Ahmed Khan. |
||
| 260 |
_aIslamabad : _bNIT- NUST, _c2015. |
||
| 300 |
_axii, 75 p. : ill. ; _c30cm. |
||
| 942 |
_2ddc _cTHE |
||
| 650 |
_aConstruction Engineering & Management _930346 |
||
| 700 |
_aProfessor Dr. Hamza Farooq Gabriel. _930347 |
||